| 000 | 00820nam a22002777a 4500 | ||
|---|---|---|---|
| 003 | CHAP | ||
| 005 | 20220901150527.0 | ||
| 008 | 971013s1970 r 00010 d | ||
| 010 | _a12004 | ||
| 011 | _a12976 | ||
| 035 | _a17046 | ||
| 040 | _cCHAP | ||
| 090 | _aFolleto 8292y | ||
| 100 | 0 | 0 |
_aGaylord Bros, Inc. _947340 |
| 245 | 1 | _aCómo utilizar la biblioteca y el centro de recursos educativos | |
| 260 |
_aMéxico, D.F. Centro Regional de Ayuda Técnica, _c1970 |
||
| 300 | _a18 p. | ||
| 590 |
_aBATCH-UPD _b10 _c20130110 |
||
| 590 |
_aBATCH-UPD _b10 _c20130410 |
||
| 590 |
_aBATCH-UPD _b10 _c20130914 |
||
| 590 |
_aCONVERSION _b10 _c20130109 |
||
| 650 | 1 | 4 |
_aBibliotecas _xOrientación a los usuarios. _912528 |
| 901 | _aBK | ||
| 942 |
_cFOLL _2local |
||
| 949 |
_aFolleto 8292y _bBC _cFOLL _d-40556 _eB _i17046 _si |
||
| 999 |
_c12004 _d12004 |
||